Test your English vocabulary in use upper intermediate with answers
Gardado en:
| Autor Principal: | |
|---|---|
| Formato: | Libro |
| Idioma: | Undetermined |
| Publicado: |
Tp. HCM
Trẻ
2002
|
| Những chủ đề: | |
| Các nhãn: |
Engadir etiqueta
Sen Etiquetas, Sexa o primeiro en etiquetar este rexistro!
|
| Thư viện lưu trữ: | Trung tâm Học liệu Trường Đại học Cần Thơ |
|---|
| LEADER | 00599nam a2200181Ia 4500 | ||
|---|---|---|---|
| 001 | CTU_52202 | ||
| 008 | 210402s9999 xx 000 0 und d | ||
| 082 | |a 428.24 | ||
| 082 | |b M123 | ||
| 100 | |a MICHAEL MC CARTHY | ||
| 245 | 0 | |a Test your English vocabulary in use upper intermediate with answers | |
| 245 | 0 | |c MICHAEL MC CARTHY, Felicity O'Dell; First News biên dịch | |
| 260 | |a Tp. HCM | ||
| 260 | |b Trẻ | ||
| 260 | |c 2002 | ||
| 650 | |a english language,english language | ||
| 650 | |x textbooks for foreign speakers,vocabulary | ||
| 980 | |a Trung tâm Học liệu Trường Đại học Cần Thơ | ||